000 00315nam a22001217a 4500
008 160423b xxu||||| |||| 00| 0 eng d
020 _a9780534524104
020 _a053452209
041 _aeng
080 _a618.2
245 _aMedical nutrition therapy:
_cMarcia Nahikian Nelms; Sara Long Anderson;
942 _2udc
_cBK
999 _c1557
_d1557